| 000 | nam a22 7a 4500 | ||
|---|---|---|---|
| 999 |
_c234503 _d234503 |
||
| 003 | Nust | ||
| 005 | 20170321162410.0 | ||
| 008 | 170321b xxu||||| |||| 00| 0 eng d | ||
| 020 | _a9788172234423 | ||
| 040 | _cNust | ||
| 082 |
_a823 _bPES |
||
| 100 | _aPestonji, Meher | ||
| 245 |
_aPervez / _cMeher Pestonji; |
||
| 260 |
_aNew Dehli, _bHerpercollins Publisher. _c2003 |
||
| 300 | _a318 p. | ||
| 650 |
_aWomen political activists _vFiction |
||
| 942 |
_2ddc _cBK |
||